Statistics for Lists of 3 #1

Click here to take the quiz!

General Stats

  • This quiz has been taken 33 times
  • The average score is 12 of 30

Answer Stats

Meaning or ExplanationList of 3% Correct
Someone assuming the power to judge and punish others, often without due process, is acting as …{Judge},
81%
Jury
81%
and {Barrel}
77%
and {Executioner}
73%
and {Wise}
65%
What “early to bed and early to rise” makes a man, according to a proverb attributed to Benjamin Franklin.{Healthy},
62%
Stock
62%
All; total; everything. Derives from the effective parts of a gun.{Lock},
58%
Wealthy
58%
A very short distance.A {Hop}
46%
and a {Jump}
46%
The three Gs used as shorthand to describe Europe’s motivations for exploration and imperialism.{Gold},
46%
No modifications, limitations, or addenda are allowed; no qualifications of any kind can be permitted; no speculations about whether a particular idea or enterprise is good will be brooked.No {Ifs},
42%
or {Buts}
42%
Skip
42%
Ands
38%
or {Steal}
38%
and {Glory}
35%
To acquire something by any means necessary or available.{Beg},
27%
Borrow
27%
and {Rock ‘n’ Roll}
23%
Drugs
23%
God
23%
1. In a very uncontrolled manner. 2. In all directions.{Left},
23%
Right
23%
(informal) Indulgent and pleasurable activities. In use from the 1960s, and popularized in 1977 in a song by Ian Dury and the Blockheads.{Sex},
23%
Having a positive, negative, or null effect, based on the three value judgments of Stoicism. Often used to pose a question about something, especially in the titles of articles.{Good},
19%
Bad
15%
and {Center}
12%
or {Indifferent}?
4%

Score Distribution

Percentile by Number Answered

Percent of People with Each Score

Your Score History

You have not taken this quiz